000 00200nam a2200085Ia 4500
008 170620s9999 xx 000 0 und d
100 _aKusum
245 0 _aFamily Law Lectures FAMILY LAW -2
260 _bLexis Nexis
260 _c2011
999 _c29762
_d29762